000 00650nam a22002057a 4500
005 20220324133302.0
008 220324b ag ||||| |||| 00| 0 spa d
020 _a9508083085
050 0 4 _aHQ35
_bG84 2001
100 1 _aGuelman de Javkin, Mirta.
245 1 0 _aInfancia y adolescencia entre necios y sabios
_c/ Mirta Guelman de Javkin.
250 _a1a ed.
260 _aSanta Fe, Argentina :
_bHomosapiens Ediciones,
_c2001.
300 _a188 p. :
_bil. ;
_c23 cm.
504 _aIncluye bibliografía.
650 7 _2lemb
_aAdolescencia
650 7 _2lemb
_aInfancia
650 7 _2lemb
_aAdolescentes
_xInstrucción sexual
942 _2lcc
_cLIB
999 _c161274
_d161272